| 000 | 01186nam a2200301 a 4500 | ||
|---|---|---|---|
| 001 | 000113217 | ||
| 003 | CHAP | ||
| 005 | 20220329144344.0 | ||
| 008 | 170517s2016 mx a fsm |||||||spa d | ||
| 010 | _a109678 | ||
| 011 | _a110650 | ||
| 040 | _cCHAP | ||
| 090 | _aTesis | ||
| 100 | 1 |
_aNieto Márquez, Sergio _9132261 |
|
| 245 | 1 | 0 |
_aEstudio técnico justificativo para el cambio de uso de suelo en terrenos forestales para la construcción de la autopista Tuxpan-Tampico (Tramo 1 del km 0+000 al km 55+000) segunda parte / _h[En línea] _cpor Sergio Nieto Márquez. |
| 260 |
_aChapingo, Méx. : _bEl autor, _c2016. |
||
| 500 | _aPara ver el contenido del material haga clic en la liga | ||
| 502 | _aTesis (Ing. Forestal) -- UACH. División de Ciencias Forestales | ||
| 590 |
_aE8697GMM _b05 _c20170517 _lUCH01 _h1426 |
||
| 590 |
_aE8697GMM _b05 _c20170517 _lUCH01 _h1459 |
||
| 650 | 1 | 4 |
_aCuencas _xRecursos naturales _zVeracruz. _9132262 |
| 650 | 1 | 4 |
_aSuelos _xConservación _xVeracruz. _9110318 |
| 650 | 1 | 4 |
_aTierras _xUtilización _xVeracruz. _9113262 |
| 856 |
_aFinding aid _uhttp://10.13.5.2/tesis/sist113217.pdf _zTeclea aquí |
||
| 901 | _aBK | ||
| 942 | _cTESIS | ||
| 942 | _n0 | ||
| 999 |
_c109678 _d109678 |
||